Sociology of politics: tradition and politics in India (Record no. 359534)

000 -LEADER
fixed length control field 00421cam a22001337a 4500
008 - FIXED-LENGTH DATA ELEMENTS--GENERAL INFORMATION
fixed length control field 180718b1967 xxu||||| |||| 00| 0 eng d
082 ## - DEWEY DECIMAL CLASSIFICATION NUMBER
Classification number F5x54 B469s
100 ## - MAIN ENTRY--PERSONAL NAME
Personal name Bhaskaran, R.
245 ## - TITLE STATEMENT
Title Sociology of politics: tradition and politics in India
Statement of responsibility, etc. by R. Bhaskaran
260 ## - PUBLICATION, DISTRIBUTION, ETC.
Place of publication, distribution, etc. Bombay
Name of publisher, distributor, etc. Asia
Date of publication, distribution, etc. 1967
300 ## - PHYSICAL DESCRIPTION
Extent xiv, 282p
650 ## - SUBJECT ADDED ENTRY--TOPICAL TERM
Topical term or geographic name entry element India --Social conditions --1947-
650 ## - SUBJECT ADDED ENTRY--TOPICAL TERM
Topical term or geographic name entry element India --Politics and government --1947
Holdings
Withdrawn status Lost status Damaged status Not for loan Permanent Location Current Location Date acquired Full call number Barcode Date last seen Price effective from Koha item type
        Indian Institute of Public Administration Indian Institute of Public Administration 2009-10-20 F5x54 B469s 41858 2018-07-21 2018-07-21 Book
        Indian Institute of Public Administration Indian Institute of Public Administration 1994-02-09 F5x54 B469s 41193 2018-07-21 2018-07-21 Book

Powered by Koha